LEADER 00974nam a2200253Ia 4500 001 991001914379707536 008 051025s1982 cau 001 0 eng d 020 $a0804712069 035 $ab13447233-39ule_inst 040 $aDip.to Filologia Ling. e Lett. 082 0 $a354.5 100 1 $aJohnson, Chalmers A.$0125342 245 10$aMITI and the Japanese miracle :$bthe growth of industrial policy, 1925-1975 /$cChalmers Johnson 260 $aStanford :$bStanford University Press,$c1982 300 $axvi, 393 p. ;$c24 cm 500 $aInclude indici 650 4$aIndustrie$zGiappone 651 4$aGiappone$xPolitica industriale$y1925-1975 907 $a.b13447233$b09-11-06$c25-10-06 912 $a991001914379707536 945 $aLE008 FL.M. (Giapp.) II A 19$g1$i2008000091903$lle008$op$pE0.00$q-$rl$s- $t0$u2$v0$w2$x0$y.i14314666$z09-11-06 996 $aMITI and the Japanese miracle$91098671 997 $aUNISALENTO 998 $ale008$b25-10-06$cm$da $e-$feng$gcau$h0$i0